00406cam a22001217a 4500008004000000082001300040100001700053245014200070260002600212300001000238650002400248650001200272180718b1995 xxu||||| |||| 00| 0 eng d aI52 T674 aTracy, Brian aAdvanced selling strategies: the proven system of sales ideas, methods, and techniques used by top salespeople everywherecby Brian Tracy aNew YorkbSimonc1995 a429p. aSuccess in business aSelling